¡Ven a investigar a La Planada! (Registro nro. 20859)

Detalles MARC
000 -CABECERA
Campo de control 00692nam a22002057a 4500
005 - FECHA Y HORA DE LA ULTIMA TRANSACCION
Campo de control 20200212164443.0
008 - ELEMENTOS DE LONGITUD FIJA—INFORMACION GENERAL
Campo de control 200212b xxu||||| |||| 00| 0 spa d
040 ## - FUENTE DE CATALOGACIÓN
Agencia catalogadora original CO-BoIAVH
Agencia transcriptora CO-BoIAVH
041 ## - IDIOMA
Código de idioma para texto/pista de sonido o título separado Español
044 ## - PAÍS DE PUBLICACIÓN
País de publicación Colombia
110 ## - ASIENTO PRINCIPAL--NOMBRE CORPORATIVO
9 (RLIN) 71955
Nombre corporativo o de jurisdicción como elemento de entrada Fundación Friedrich Ebert de Colombia. FESCOL
245 ## - MENCION DE TITULO
Título ¡Ven a investigar a La Planada!
Parte restante del título Ricaurte, Nariño, Colombia
Mención de responsabilidad Fundación FES
260 ## - PUBLICACION, DISTRIBUCION, ETC. (PIE DE IMPRENTA)
Lugar de publicación, distribución, etc. Bogotá:
Nombre del editor, distribuidor, etc. Fundación FES,
Fecha de publicación, distribución, etc. s.f.
300 ## - DESCRIPCION FISICA
Extensión 12 páginas,
Otros detalles físicos Mapa,
Dimensiones 21.6 x 14 cm
650 #0 - ASIENTO SECUNDARIO DE MATERIA - TERMINO TEMATICO
9 (RLIN) 53594
Término temático o nombre geográfico como elemento de entrada Reserva Natural
Subdivisión geográfica La Planada
650 #0 - ASIENTO SECUNDARIO DE MATERIA - TERMINO TEMATICO
9 (RLIN) 19577
Término temático o nombre geográfico como elemento de entrada Centros de investigación
650 #0 - ASIENTO SECUNDARIO DE MATERIA - TERMINO TEMATICO
9 (RLIN) 102700
Término temático o nombre geográfico como elemento de entrada Centro de educación
650 #0 - ASIENTO SECUNDARIO DE MATERIA - TERMINO TEMATICO
9 (RLIN) 50474
Término temático o nombre geográfico como elemento de entrada Turismo ecológico
942 ## - ELEMENTOS ADICIONALES (KOHA)
Sistema de clasificación Local
Tipo de ítem Folleto
Existencias
Withdrawn status Lost status Sistema de Clasificación Damaged status No para préstamo Colección Ubicación Permanente Ubicación actual Fecha de adquisición Total Checkouts Número topográfico Inventario / Código de Barras Date last seen Ejemplar Price effective from Forma de adquisición Tipo de material
    Local     Hemeroteca Bogotá Bogotá 12/02/2020   FG-0466 034633 12/02/2020 Ej. 1 12/02/2020 Donación Folleto